Grace and fury
| Main Author: | |
|---|---|
| Format: | Book |
| Published: |
New York :
Little Brown and Company ,
2019
|
| Subjects: |
MARC
| LEADER | 00000cam a2200000 7i4500 | ||
|---|---|---|---|
| 001 | 0000242532 | ||
| 005 | 20200610190906.0 | ||
| 020 | |a 9780316471428 | ||
| 090 | 0 | 0 | |a F |b BAN |
| 100 | 1 | |a Banghart, Tracy | |
| 245 | 1 | 0 | |a Grace and fury |c Tracy Banghart |
| 260 | |a New York : |b Little Brown and Company , |c 2019 | ||
| 300 | |a 311p. ; |c 21cm. | ||
| 650 | 0 | |a Fiction | |
| 999 | |a 00380788 |b BUKU |c PINJAMAN |e PERPUSTAKAAN KOMUNITI PETALING JAYA | ||